| 000 | 01001nam a2200277 a 4500 | ||
|---|---|---|---|
| 001 | BRL_1909 | ||
| 005 | 20190320211430.0 | ||
| 008 | 170815s1937----gw-#######---#000-0#ger-# | ||
| 041 | _ager | ||
| 044 | _agw | ||
| 050 | 4 |
_aPF3128 _b.M37 1937 |
|
| 100 | 1 |
_aMarquard Sauer, Karl _928208 |
|
| 245 | 1 | 0 |
_aKleine spanische Sprachlehre für den Gebrauch in Schulen und zum Selbstunterricht _cvon Karl Marquard Sauer ; Neubearbeitet und herausgegeben von Richard Ruppert y Ujaravi |
| 260 |
_aHeidelberg _bJulius Groos, Derlag _c1937 |
||
| 300 |
_aviii, 238 p. _c20 cm. |
||
| 440 | 0 |
_aMethode Gaspen Otto Sauer _928209 |
|
| 500 | _aej.1 Au1974, ej.2 Au2148 | ||
| 500 | _aLa biblioteca cuenta con dos ejemplares | ||
| 500 | _aEstado físico: Encuadernación desprendida. | ||
| 500 | _aTexto: Alemán y español | ||
| 650 | 1 | 4 |
_aAlemán _xLibros de lectura - Español _928210 |
| 650 | 1 | 4 |
_aAlemán _xGramática _928211 |
| 700 | 1 |
_aRuppert y Ujaravi, Richard _928212 |
|
| 902 | _aGRL | ||
| 942 |
_2lcc _cB |
||
| 999 |
_c10717 _d10717 |
||